Open Data Biblioteca Nacional de Portugal


República Portuguesa: Ministério da Cultura
Biblioteca Nacional de Portugal

Catálogo da BNP: acesso por Identificadores Unívocos
Registos Bibliográficos associados ao registo de autoridade

Etiqueta de registo: 00000nam 2200025 450
001 2278495
003 http://id.bnportugal.gov.pt/bib/catbnp/2278495
100 ## $a20260310d2025 k y0pory01030103ba
101 0# $aeng$dpor
102 ## $aPT
105 ## $aa m 000yy
106 ## $ar
200 1# $aStablecoin$e uma análise da dinâmica do mercado, práticas contabilísticas, auditoria e conformidade fiscal$dStablecoin$e an analysis of market dynamics, accounting pratices, auditing, and tax compliance$fRubens Moura de Carvalho$gorient. Helena Coelho Inácio, Rui Pedro Figueiredo Marques$zeng
210 #9 $aAveiro$c[s.n.],$d2025
215 ## $aXV f., p.16-168$cil.$d30 cm
328 #1 $aTese dout. Contabilidade, Universidade de Aveiro, 2025
510 1# $aStablecoin - an analysis of market dynamics, accounting pratices, auditing, and tax compliance$zeng
675 ## $a336.74(043)$vBN$zpor$3301728
675 ## $a004.73(043)$vBN$zpor$3813506
700 #1 $aCarvalho,$bRubens Moura de$31990210
702 #1 $aInácio,$bHelena Coelho$4727$3820382
702 #1 $aMarques,$bRui Pedro $4727$31445138
801 #0 $aPT$bBN$gRPC
966 ## $lBN$mFGMON$sS.C. 168962 V.$x1
971 ## $corlando$d20260310
972 ## $e0$z0$d20260422$vlrevez
973 ## $cigoulao$d20260416

OpendataBNP@bnportugal.pt | Mais informação sobre acesso aos dados BNP